Crystal chemistry and refractivity by Howard W Jaffe (Record no. 1215188)

MARC details
000 -LEADER
fixed length control field 01019nam a2200289Ia 4500
003 - CONTROL NUMBER IDENTIFIER
control field OSt
005 - DATE AND TIME OF LATEST TRANSACTION
control field 20221007125401.0
008 - FIXED-LENGTH DATA ELEMENTS--GENERAL INFORMATION
fixed length control field 221006b |||||||| |||| 00| 0 eng d
020 ## - INTERNATIONAL STANDARD BOOK NUMBER
International Standard Book Number 048669173X (pbk)
-- 13.95
037 ## - SOURCE OF ACQUISITION
Terms of availability Textual
040 ## - CATALOGING SOURCE
Original cataloging agency CDL
Transcribing agency CDL
Language of cataloging eng
041 ## - LANGUAGE CODE
Source of code eng
Language code of text/sound track or separate title eng
100 ## - MAIN ENTRY--PERSONAL NAME
Personal name Jaffe Howard W
9 (RLIN) 721874
245 #0 - TITLE STATEMENT
Title Crystal chemistry and refractivity by Howard W Jaffe
260 ## - PUBLICATION, DISTRIBUTION, ETC.
Place of publication, distribution, etc. New
Name of publisher, distributor, etc. York Dover Pub. Ltd.
Date of publication, distribution, etc. 1996
300 ## - PHYSICAL DESCRIPTION
Extent x, 335p
Dimensions cm.
500 ## - GENERAL NOTE
General note Includes bibliographical references; Index 327-335p; ^n23/CSL/CARC/2002-2003/360^d2002-09-25^mPurchase; ; 2002-03/328^b2002-10-28^cIK/2002/1754^d2002-10-18^eRs.1,747.00^fI K International Pvt. Ltd.; ; 2003-01-23^bSB^c2003-09-29^dJindal
650 ## - SUBJECT ADDED ENTRY--TOPICAL TERM
Topical term or geographic name entry element Crystal
9 (RLIN) 721875
650 ## - SUBJECT ADDED ENTRY--TOPICAL TERM
Topical term or geographic name entry element Physical
9 (RLIN) 297719
650 ## - SUBJECT ADDED ENTRY--TOPICAL TERM
Topical term or geographic name entry element Chemistry
942 ## - ADDED ENTRY ELEMENTS (KOHA)
Classification part E:2216, N6
Koha item type Textual
Source of classification or shelving scheme Colon Classification (CC)
Holdings
Withdrawn status Lost status Source of classification or shelving scheme Damaged status Not for loan Home library Current library Date acquired Source of acquisition Total Checkouts Full call number Barcode Date last seen Price effective from Koha item type
    Colon Classification (CC)     Department of Chemistry Library Department of Chemistry Library 2022-10-07 I K,   E:2216 N6 CD0006775 2022-10-07 2022-10-07 Textual
Copyright @ Delhi University Library System